000
00303nam a22001337a 4500
008
190304b xxu||||| |||| 00| 0 eng d
020
_a
9780131714731
041
_a
eng
080
_2
2nd
_a
615
100
_a
5
101
_a
FAR
245
_a
Core Concepts in Pharmacology
_c
Holland,N
942
_2
udc
_c
BK
999
_c
54392
_d
54392